Measurement and evaluation / (Record no. 864)
[ view plain ]
| 000 -LEADER | |
|---|---|
| fixed length control field | 00659nam a22001937a 4500 |
| 005 - DATE AND TIME OF LATEST TRANSACTION | |
| control field | 20230202035010.0 |
| 008 - FIXED-LENGTH DATA ELEMENTS--GENERAL INFORMATION | |
| fixed length control field | 230202b |||||||| |||| 00| 0 eng d |
| 020 ## - INTERNATIONAL STANDARD BOOK NUMBER | |
| International Standard Book Number | 971-08-6419-x |
| 082 ## - DEWEY DECIMAL CLASSIFICATION NUMBER | |
| Classification number | Fil. 371.26 C164 2004 |
| 100 ## - MAIN ENTRY--PERSONAL NAME | |
| Personal name | Calmorin, Laurentina P. |
| Relator term | author |
| 245 ## - TITLE STATEMENT | |
| Title | Measurement and evaluation / |
| Statement of responsibility, etc. | Laurentina P. Calmorin |
| 250 ## - EDITION STATEMENT | |
| Edition statement | 3rd ed. |
| 260 ## - PUBLICATION, DISTRIBUTION, ETC. | |
| Place of publication, distribution, etc. | Mandaluyong City: |
| Name of publisher, distributor, etc. | National Book Store, |
| Date of publication, distribution, etc. | c2004 |
| 300 ## - PHYSICAL DESCRIPTION | |
| Extent | 329p.: |
| Other physical details | ill. |
| 504 ## - BIBLIOGRAPHY, ETC. NOTE | |
| Bibliography, etc. note | Includes bibliographies and index |
| 541 ## - IMMEDIATE SOURCE OF ACQUISITION NOTE | |
| Accession number | 1701 c.1, 1702 c.2, 1703 c.3, 1704 c.4, 1705 c.5, 3099 c.6, 3100 c.7 |
| 650 ## - SUBJECT ADDED ENTRY--TOPICAL TERM | |
| Topical term or geographic name entry element | Educational tests and measurements |
| 650 ## - SUBJECT ADDED ENTRY--TOPICAL TERM | |
| Topical term or geographic name entry element | Educational evaluation |
| Withdrawn status | Lost status | Source of classification or shelving scheme | Damaged status | Not for loan | Home library | Current library | Date acquired | Total Checkouts | Full call number | Barcode | Date last seen | Date last checked out | Copy number | Price effective from | Koha item type |
|---|---|---|---|---|---|---|---|---|---|---|---|---|---|---|---|
| Dewey Decimal Classification | ctu-moalboal | ctu-moalboal | 06/13/2011 | 1 | Fil. 371.26 C164 2004 | 1701 | 03/05/2026 | 03/05/2026 | 1 | 02/02/2023 | Books-Filipiniana | ||||
| Dewey Decimal Classification | ctu-moalboal | ctu-moalboal | 06/13/2011 | Fil. 371.26 C164 2004 | 1702 | 02/02/2023 | 2 | 02/02/2023 | Books-Filipiniana | ||||||
| Dewey Decimal Classification | ctu-moalboal | ctu-moalboal | 06/13/2011 | Fil. 371.26 C164 2004 | 1703 | 02/02/2023 | 3 | 02/02/2023 | Books-Filipiniana | ||||||
| Dewey Decimal Classification | ctu-moalboal | ctu-moalboal | 06/13/2011 | Fil. 371.26 C164 2004 | 1704 | 02/02/2023 | 4 | 02/02/2023 | Books-Filipiniana | ||||||
| Dewey Decimal Classification | ctu-moalboal | ctu-moalboal | 06/13/2011 | Fil. 371.26 C164 2004 | 1705 | 02/02/2023 | 5 | 02/02/2023 | Books-Filipiniana | ||||||
| Dewey Decimal Classification | ctu-moalboal | ctu-moalboal | 01/07/2013 | Fil. 371.26 C164 2004 | 3099 | 02/02/2023 | 6 | 02/02/2023 | Books-Filipiniana | ||||||
| Dewey Decimal Classification | ctu-moalboal | ctu-moalboal | 01/07/2013 | Fil. 371.26 C164 2004 | 3100 | 02/02/2023 | 7 | 02/02/2023 | Books-Filipiniana |